It only looks easy / (Record no. 2817)

MARC details
000 -LEADER
fixed length control field 01142cam a2200313 a 4500
005 - DATE AND TIME OF LATEST TRANSACTION
control field 20240116101332.0
020 ## - INTERNATIONAL STANDARD BOOK NUMBER
International Standard Book Number 0761317902
020 ## - INTERNATIONAL STANDARD BOOK NUMBER
International Standard Book Number 9780439829397
020 ## - INTERNATIONAL STANDARD BOOK NUMBER
International Standard Book Number 0761328661 (lib. bdg.)
040 ## - CATALOGING SOURCE
Original cataloging agency DLC
Transcribing agency DLC
Modifying agency DLC
Language of cataloging eng
050 00 - LIBRARY OF CONGRESS CALL NUMBER
Classification number PZ7.S969895
Item number It 2003
082 00 - DEWEY DECIMAL CLASSIFICATION NUMBER
Classification number 813.6
Edition number 21
100 1# - MAIN ENTRY--PERSONAL NAME
Personal name Swallow, Pamela Curtis
245 10 - TITLE STATEMENT
Title It only looks easy /
Statement of responsibility, etc. Pamela Curtis Swallow
250 ## - EDITION STATEMENT
Edition statement First Scholastic printing, November 2005
260 ## - PUBLICATION, DISTRIBUTION, ETC.
Place of publication, distribution, etc. Brookfield :
Name of publisher, distributor, etc. Schoalstic,
Date of publication, distribution, etc. 2003
300 ## - PHYSICAL DESCRIPTION
Extent 168 pages ;
Dimensions 20 cm
505 ## - FORMATTED CONTENTS NOTE
Formatted contents note M
520 ## - SUMMARY, ETC.
Summary, etc. On the first day of seventh grade when Kat "borrows" a bicycle to go see her dog who was hit the day before by a woman with Alzheimer's disease, she learns about the serious consequences of impetuous actions and manages to make some new friends in the process.
521 ## - TARGET AUDIENCE NOTE
Target audience note 670
Source Lexile
521 ## - TARGET AUDIENCE NOTE
Target audience note M
Source Raz-Plus
650 #1 - SUBJECT ADDED ENTRY--TOPICAL TERM
Topical term or geographic name entry element Interpersonal relations
Form subdivision Fiction.
650 #1 - SUBJECT ADDED ENTRY--TOPICAL TERM
Topical term or geographic name entry element Schools
Form subdivision Fiction.
650 #1 - SUBJECT ADDED ENTRY--TOPICAL TERM
Topical term or geographic name entry element Conduct of life
Form subdivision Fiction.
650 #1 - SUBJECT ADDED ENTRY--TOPICAL TERM
Topical term or geographic name entry element Alzheimer's disease
Form subdivision Fiction.
906 ## - LOCAL DATA ELEMENT F, LDF (RLIN)
a 7
b cbc
c orignew
d 1
e ecip
f 20
g y-gencatlg
942 ## - ADDED ENTRY ELEMENTS (KOHA)
Source of classification or shelving scheme Dewey Decimal Classification
Koha item type Books
Suppress in OPAC No
999 ## -
-- 2817
-- 2817
Holdings
Withdrawn status Lost status Source of classification or shelving scheme Damaged status Not for loan Collection Home library Current library Shelving location Date acquired Total Checkouts Full call number Barcode Date last seen Price effective from Koha item type
    Dewey Decimal Classification     Fiction Footprints International School Library Network Toul Kork Campus Footprints International School Library Network Toul Kork Campus   01/16/2024   SWA 813.6 PZ7.S969895 FISSE00933 04/23/2025 01/16/2024 Books